Top Basketball Leagues - Statistics

General Stats
  • This quiz has been taken 37 times
  • The average score is 7 of 15
Answer Stats
Ranking League % Correct
#1 NBA
96%
#15 Chinese Basketball Association
68%
#9 Greek Basket League
56%
#13 National Basketball League
56%
#2 EuroLeague
52%
#10 Basketball Bundesliga
48%
#4 Liga ACB
48%
#6 VTB United League
48%
#5 Basketball Super League
44%
#7 Lega Basket Serie A
44%
#12 ABA League
40%
#8 LNB Pro A
40%
#14 Israeli Basketball Premier League
32%
#3 EuroCup
24%
#11 Basketball Champions League
8%
No matching quizzes found
Score Distribution
Percent of People with Each Score
Percentile by Number Answered
Your Score History
You have not taken this quiz